000 009420am a2200277 004500
003 EG-GiCUC
008 070422s2007 ua f 000 0 ara d
017 _a2006 / 16805
_bمصر.دار الكتب
020 _a9773161854
040 _aEG-GiCUC
_bara
_cEG-GiCUC
050 4 _aPJ6074
_bU5 2007
092 0 4 _a410.9
_bU34
_221
099 _a04
_a410.9 U34
100 1 _aعكاشة : محمود
245 1 0 _aعلم اللغة :
_bمدخل نظرى فى اللغة العربية /
_cمحمود عكاشة
250 _aط1
260 _aالقاهرة :
_bدار النشر للجامعات :
_c2007
300 _a304ص ؛
_c24سم
504 _aيشتمل على ارجاعات ببليوجرافية (ص297-300)
650 7 _aاللغة العربية
_2qrmak
650 7 _aاللغة العربية
_xتاريخ
_2qrmak
902 _a1
905 _aابراهيم
_eمدخل
905 _aعمر
_eمراجع
942 _2ddc
_cBK
999 _c95181
_d95181